000 01175nam2a2200265 4500
001 RU\NLR\BIBL_A\022323066
005 20241101145531.0
010 _a978-5-906218-58-2
_9650
021 _aRU
_bКН-П-24-044994
_9КН-П-24-4478
035 _a(NLR Aleph) 022323066
090 _a13257074
_c13257074
100 _a20240916d2024 u y0rusy50 ca
101 0 _arus
102 _aRU
105 _aa|||b|||000yy
200 0 _a2023
_f[составитель: Р. В. Коннова]
210 _d2024
215 _a320 с.
_cцв. ил.
333 _a6+
461 0 _1001RU\NLR\bibl\2035548
_12001#$aКаталог государственных знаков почтовой оплаты Российской Федерации$f[Федер. агентство связи$gсост.: Шалаев М.В.]$v2023
_94513804
_cМосква
_d2013
_f[Федер. агентство связи
_nМарка
_tКаталог государственных знаков почтовой оплаты Российской Федерации
_v2023
702 1 _aКоннова
_bР. В.
_4220
942 _cBOOK
980 _aNB